Institutional investment in rental housing in Australia: a policy framework and two models (Record no. 65001)

000 -LEADER
fixed length control field 00447pab a2200169 454500
008 - FIXED-LENGTH DATA ELEMENTS--GENERAL INFORMATION
fixed length control field 180718b2005 xxu||||| |||| 00| 0 eng d
100 ## - MAIN ENTRY--PERSONAL NAME
Personal name Berry, Mike
245 ## - TITLE STATEMENT
Title Institutional investment in rental housing in Australia: a policy framework and two models
260 ## - PUBLICATION, DISTRIBUTION, ETC.
Date of publication, distribution, etc. 2005
300 ## - PHYSICAL DESCRIPTION
Extent p.91-111.
362 ## - DATES OF PUBLICATION AND/OR SEQUENTIAL DESIGNATION
Dates of publication and/or sequential designation Jan
650 ## - SUBJECT ADDED ENTRY--TOPICAL TERM
Topical term or geographic name entry element Housing - Australia
650 ## - SUBJECT ADDED ENTRY--TOPICAL TERM
Topical term or geographic name entry element Housing
700 ## - ADDED ENTRY--PERSONAL NAME
Personal name Hall, Jon
773 ## - HOST ITEM ENTRY
Main entry heading Urban studies
909 ## -
-- 65001
Holdings
Withdrawn status Lost status Damaged status Not for loan Permanent Location Current Location Date acquired Serial Enumeration / chronology Barcode Date last seen Price effective from Koha item type
        Indian Institute of Public Administration Indian Institute of Public Administration 2018-07-19 Volume no: 42, Issue no: 1 AR65453 2018-07-19 2018-07-19 Articles

Powered by Koha